Материаловедение и технология металлических, неметаллических и композиционных материалов: учебник

Detalles Bibliográficos
Autor Principal: Адаскин А. М. Анатолий Матвеевич
Outros autores: Красновский А. Н. Александр Николаевич
Summary:В учебнике описано строение металлических, неметаллических и композиционных материалов и технологии их получения. Рассмотрены методы изучения свойств материалов. Рассмотрены технологии упрочнения металлических материалов термической, химико-термической обработкой, пластической деформацией. Приведены особенности органических и неорганических неметаллических материалов, а также возможность изменения их свойств. Широко освещены композиционные материалы, показаны области их рационального применения. Представлены технологии изготовления заготовок и деталей из металлических материалов — литье, сварка, обработка давлением и резанием. Даны основы технологии нанесения гальванических покрытий. Рассмотрены технологии изготовления деталей из неметаллических материалов — пластических масс, резины, стекла, а также композиционных материалов. Показаны технологии, совмещающие изготовление композиционных материалов и деталей из них.
Idioma:ruso
Publicado: Москва, Форум, 2019
Series:Высшее образование - Бакалавриат
Subjects:
Formato: MixedMaterials Libro
KOHA link:https://koha.lib.tpu.ru/cgi-bin/koha/opac-detail.pl?biblionumber=324048

MARC

LEADER 00000nam0a2200000 4500
001 324048
005 20231102003630.0
010 |a 9785000914311 
010 |a 978-5-16-012555-8 
035 |a (RuTPU)RU\TPU\book\349637 
090 |a 324048 
100 |a 20161103d2019 m y0rusy50 ca 
101 0 |a rus 
102 |a RU 
105 |a a j 001zy 
200 1 |a Материаловедение и технология металлических, неметаллических и композиционных материалов  |e учебник  |f А. М. Адаскин, А. Н. Красновский 
210 |a Москва  |c Форум  |c Инфра-М  |d 2019 
215 |a 400 с.  |c ил. 
225 1 |a Высшее образование - Бакалавриат 
320 |a Библиогр.: с. 399 
330 |a В учебнике описано строение металлических, неметаллических и композиционных материалов и технологии их получения. Рассмотрены методы изучения свойств материалов. Рассмотрены технологии упрочнения металлических материалов термической, химико-термической обработкой, пластической деформацией. Приведены особенности органических и неорганических неметаллических материалов, а также возможность изменения их свойств. Широко освещены композиционные материалы, показаны области их рационального применения. Представлены технологии изготовления заготовок и деталей из металлических материалов — литье, сварка, обработка давлением и резанием. Даны основы технологии нанесения гальванических покрытий. Рассмотрены технологии изготовления деталей из неметаллических материалов — пластических масс, резины, стекла, а также композиционных материалов. Показаны технологии, совмещающие изготовление композиционных материалов и деталей из них. 
606 1 |a Материаловедение  |2 stltpush  |3 (RuTPU)RU\TPU\subj\41248  |9 61053 
610 1 |a материалы 
610 1 |a строение 
610 1 |a производство 
610 1 |a технология 
610 1 |a межатомные связи 
610 1 |a металлы 
610 1 |a сплавы 
610 1 |a металлургические процессы 
610 1 |a порошковая металлургия 
610 1 |a чугун 
610 1 |a сталь 
610 1 |a цветные металлы 
610 1 |a неметаллические материалы 
610 1 |a композиционные материалы 
610 1 |a изготовление 
610 1 |a диаграммы состояния 
610 1 |a термическая обработка 
610 1 |a материалы специального назначения 
610 1 |a полимеры 
610 1 |a пластические массы 
610 1 |a заготовки 
610 1 |a детали 
610 1 |a литейное производство 
610 1 |a обработка давлением 
610 1 |a электрофизические методы 
610 1 |a электрохимические методы 
610 1 |a гальванические покрытия 
610 1 |a нанесение 
610 1 |a учебники 
675 |a 620.22(075.8)  |v 4 
700 1 |a Адаскин  |b А. М.  |g Анатолий Матвеевич 
701 1 |a Красновский  |b А. Н.  |g Александр Николаевич 
801 1 |a RU  |b 63413507  |c 20161103 
801 2 |a RU  |b 63413507  |c 20190610  |g RCR 
942 |c BK 
959 |a 1/20170109  |d 1  |e 1200,00  |f ЧЗТЛ:1